[Event "Pan American-ch U1700"]
[Site "Timbo"]
[Date "2021.12.05"]
[Round "9"]
[White "Takano Ito, Raphael Kenzo"]
[Black "Pavao, Wilson"]
[Result "1-0"]
[WhiteElo "1099"]
[BlackElo "1481"]
[PlyCount "57"]
[EventDate "2021.12.01"]
[EventType "swiss"]
[EventRounds "9"]
[EventCountry "BRA"]
[SourceTitle "CBM 205 Extra"]
[Source "ChessBase"]
[SourceDate "2022.01.31"]
[SourceVersion "1"]
[SourceVersionDate "2022.01.31"]
[SourceQuality "1"]

1. e4 c5 2. Nc3 d6 3. f4 a6 4. a4 Nf6 5. Nf3 Nc6 6. Bc4 e6 7. 0-0 Be7 8. d3 0-0 9. Qe1 Re8 10. Qg3 d5 11. Bb3 dxe4 12. Nxe4 Nd4 13. Nxd4 Qxd4+ 14. Be3 Nxe4 15. dxe4 Qxe4 16. Rfe1 b6 17. Kh1 Qb7 18. Rad1 Bf6 19. f5 exf5 20. Bd5 Qb8 21. Bxa8 Qxa8 22. Bg5 Rxe1+ 23. Rxe1 Qc6 24. Bxf6 g6 25. Bc3 f6 26. Qd3 Kg7 27. Re7+ Kh6 28. Bd2+ g5 29. Qh3+ 1-0

[Event "Pan American-ch U1700"]
[Site "Timbo"]
[Date "2021.12.03"]
[Round "6"]
[White "Takano Ito, Raphael Kenzo"]
[Black "De Abreu, Vinicius Lindoso"]
[Result "0-1"]
[WhiteElo "1099"]
[BlackElo "1581"]
[PlyCount "80"]
[EventDate "2021.12.01"]
[EventType "swiss"]
[EventRounds "9"]
[EventCountry "BRA"]
[SourceTitle "CBM 205 Extra"]
[Source "ChessBase"]
[SourceDate "2022.01.31"]
[SourceVersion "1"]
[SourceVersionDate "2022.01.31"]
[SourceQuality "1"]

1. e4 c5 2. Nc3 e6 3. f4 d5 4. d4 Nc6 5. Nf3 cxd4 6. Nxd4 dxe4 7. Nxc6 Qxd1+ 8. Kxd1 bxc6 9. Nxe4 Ne7 10. Bc4 Nd5 11. Bd2 Be7 12. h4 Bb7 13. a4 0-0-0 14. Ke1 h6 15. Ke2 f5 16. Nc3 Bd6 17. Nxd5 exd5 18. Bd3 Rhf8 19. b4 Kd7 20. Bc3 Rf7 21. b5 c5 22. Kf2 Bxf4 23. g3 Bc7 24. Rhd1 d4 25. Bc4 Re7 26. Bd2 Rde8 27. Bd3 Be4 28. Re1 Bxd3 29. Rxe7+ Rxe7 30. cxd3 Be5 31. Rb1 Bc7 32. a5 Re6 33. Ra1 Re7 34. Bf4 Bxf4 35. b6 axb6 36. a6 Re8 37. gxf4 Ra8 38. Kf3 Kc6 39. Ke2 b5 40. a7 Kb6 0-1

[Event "Pan American-ch Hybrid U12 31st"]
[Site "Tornelo INT"]
[Date "2021.09.04"]
[Round "7"]
[White "Amarilla Ettiene, Ezequiel"]
[Black "Takano Ito, Raphael Kenzo"]
[Result "1-0"]
[WhiteElo "1250"]
[BlackElo "1135"]
[PlyCount "67"]
[EventDate "2021.09.04"]
[EventType "swiss"]
[EventRounds "9"]
[EventCountry "NET"]
[SourceTitle "EXT 2023"]
[Source "ChessBase"]
[SourceDate "2022.10.05"]
[SourceVersion "1"]
[SourceVersionDate "2022.10.05"]
[SourceQuality "1"]

1. e4 c6 2. c4 d5 3. exd5 cxd5 4. cxd5 Qxd5 5. Nc3 Qd8 6. Nf3 Bg4 7. Bc4 Nf6 8. Bxf7+ Kxf7 9. Ne5+ Ke8 10. Nxg4 Nc6 11. Nxf6+ exf6 12. 0-0 Kf7 13. Qb3+ Kg6 14. Qxb7 Rc8 15. Ne2 h6 16. d4 Rc7 17. Qb5 Nxd4 18. Qd3+ f5 19. Nxd4 Qd5 20. Qg3+ Kh7 21. Qxc7 Qxd4 22. Be3 Qxb2 23. Qxa7 Bd6 24. Bd4 Bxh2+ 25. Kh1 Be5 26. Bxb2 Bxb2 27. Rab1 Bf6 28. Rb8 Rxb8 29. Qxb8 Be7 30. a4 Bb4 31. Qxb4 h5 32. Re1 g6 33. Qf8 g5 34. Re7+ 1-0

[Event "Pan American-ch Hybrid U12 31st"]
[Site "Tornelo INT"]
[Date "2021.09.04"]
[Round "3"]
[White "Ortiz Urra, Ignacio"]
[Black "Takano Ito, Raphael Kenzo"]
[Result "1-0"]
[WhiteElo "1263"]
[BlackElo "1135"]
[PlyCount "63"]
[EventDate "2021.09.04"]
[EventType "swiss"]
[EventRounds "9"]
[EventCountry "NET"]
[SourceTitle "EXT 2023"]
[Source "ChessBase"]
[SourceDate "2022.10.05"]
[SourceVersion "1"]
[SourceVersionDate "2022.10.05"]
[SourceQuality "1"]

1. e4 c6 2. d4 d5 3. e5 Bf5 4. Nf3 e6 5. Be2 Nd7 6. Be3 c5 7. c4 Ne7 8. 0-0 Nc6 9. Qb3 b6 10. a3 Be4 11. Nbd2 Bxf3 12. Nxf3 Na5 13. Qa2 Nb8 14. dxc5 Bxc5 15. Bxc5 bxc5 16. Rad1 Nd7 17. cxd5 exd5 18. Qxd5 Rb8 19. e6 fxe6 20. Qxe6+ Qe7 21. Qa6 Qd8 22. Bb5 Rb7 23. Rfe1+ Kf8 24. Qd6+ Kg8 25. Qe6+ Kf8 26. Rxd7 Rxd7 27. Bxd7 g6 28. Qe8+ Kg7 29. Re7+ Kh6 30. Qf7 Qb8 31. Qg7+ Kh5 32. g4# 1-0

[Event "Sao Paulo Carnaval op"]
[Site "Sao Paulo"]
[Date "2020.02.23"]
[Round "3"]
[White "Takano Ito, Raphael Kenzo"]
[Black "Toledo, Ana Beatriz dos Rei"]
[Result "0-1"]
[WhiteElo "1102"]
[BlackElo "1431"]
[PlyCount "56"]
[EventDate "2020.02.22"]
[EventType "swiss"]
[EventRounds "7"]
[EventCountry "BRA"]
[SourceTitle "CBM 195 Extra"]
[Source "ChessBase"]
[SourceDate "2020.05.31"]
[SourceVersion "1"]
[SourceVersionDate "2020.05.31"]
[SourceQuality "1"]

1. e4 c5 2. Nc3 Nc6 3. f4 a6 4. Nf3 g6 5. d3 Bg7 6. Be2 e6 7. 0-0 Nge7 8. Be3 Nd4 9. Bxd4 cxd4 10. Nb1 0-0 11. Nbd2 d6 12. Qe1 f5 13. Qh4 Nc6 14. Qxd8 Rxd8 15. exf5 exf5 16. Rfe1 Bd7 17. Ng5 Nb4 18. Rec1 Rac8 19. a3 Rxc2 20. Ngf3 Rxc1+ 21. Rxc1 Nd5 22. Nb3 Nxf4 23. Kf2 Nxe2 24. Kxe2 Re8+ 25. Kf2 Bh6 26. Rd1 Ba4 27. Nfxd4 Be3+ 28. Kf3 Bxd4 0-1

[Event "Sao Paulo Carnaval op"]
[Site "Sao Paulo"]
[Date "2020.02.22"]
[Round "1"]
[White "Takano Ito, Raphael Kenzo"]
[Black "Aoyama, Edmundo"]
[Result "0-1"]
[WhiteElo "1102"]
[BlackElo "1804"]
[PlyCount "80"]
[EventDate "2020.02.22"]
[EventType "swiss"]
[EventRounds "7"]
[EventCountry "BRA"]
[SourceTitle "CBM 195 Extra"]
[Source "ChessBase"]
[SourceDate "2020.05.31"]
[SourceVersion "1"]
[SourceVersionDate "2020.05.31"]
[SourceQuality "1"]

1. e4 d6 2. d4 Nf6 3. Nc3 g6 4. Nf3 c6 5. Bg5 Qa5 6. Bxf6 exf6 7. Bd3 Bg7 8. 0-0 0-0 9. Re1 Re8 10. Qd2 Nd7 11. Rad1 Nf8 12. Ne2 Qc7 13. d5 c5 14. c4 Bd7 15. b4 b6 16. bxc5 bxc5 17. Ng3 Bg4 18. Qe3 f5 19. Qg5 h6 20. Qf4 g5 21. Qd2 fxe4 22. Bxe4 Rab8 23. Qd3 Rb2 24. Bh7+ Nxh7 25. Rxe8+ Nf8 26. Rde1 Qa5 27. R1e7 Qxa2 28. Re2 Rxe2 29. Rxe2 Qa1+ 30. Nf1 a5 31. Re7 Bf6 32. Ra7 Ng6 33. Qe3 Ne5 34. Ra8+ Kg7 35. Qb3 Nxf3+ 36. gxf3 Bh3 37. Qd3 Qe1 38. f4 Bd4 39. Qxh3 Qxf2+ 40. Kh1 Qg1# 0-1

[Event "Sao Paulo Montenegro U1600 3rd"]
[Site "Sao Paulo"]
[Date "2020.01.26"]
[Round "7"]
[White "Takano Ito, Raphael Kenzo"]
[Black "Gomes, Joao Paulo Santos"]
[Result "0-1"]
[WhiteElo "1160"]
[BlackElo "1521"]
[PlyCount "80"]
[EventDate "2020.01.25"]
[EventType "tourn"]
[EventRounds "9"]
[EventCountry "BRA"]
[SourceTitle "CBM 194 Extra"]
[Source "ChessBase"]
[SourceDate "2020.03.31"]
[SourceVersion "1"]
[SourceVersionDate "2020.03.31"]
[SourceQuality "1"]

1. e4 c5 2. Nc3 d6 3. f4 Nc6 4. Nf3 Nf6 5. Bc4 e6 6. d3 Be7 7. 0-0 0-0 8. Bd2 d5 9. Bb3 Nd4 10. Nxd4 cxd4 11. Ne2 dxe4 12. dxe4 Nxe4 13. Qe1 Bc5 14. Ng3 Nxg3 15. Qxg3 d3+ 16. Kh1 dxc2 17. Bc3 Bd4 18. Bxc2 Bxc3 19. bxc3 b6 20. Rad1 Qe7 21. Qd3 g6 22. g4 Bb7+ 23. Kg1 Qc5+ 24. Rf2 Qc6 25. Kf1 Rad8 26. Qe3 Rxd1+ 27. Bxd1 Qh1+ 28. Ke2 Ba6+ 29. Kd2 Rd8+ 30. Kc2 Qxd1+ 31. Kb2 Qa4 32. f5 exf5 33. gxf5 Bc4 34. Qe7 Qxa2+ 35. Kc1 Qa1+ 36. Kc2 Qd1+ 37. Kb2 Rd2+ 38. Rxd2 Qxd2+ 39. Ka3 Qxc3+ 40. Ka4 Qb3# 0-1

[Event "Sao Paulo Montenegro U1600 3rd"]
[Site "Sao Paulo"]
[Date "2020.01.25"]
[Round "4"]
[White "Takano Ito, Raphael Kenzo"]
[Black "Cardoso, Julia Paulina Reis"]
[Result "0-1"]
[WhiteElo "1160"]
[BlackElo "1800"]
[PlyCount "62"]
[EventDate "2020.01.25"]
[EventType "tourn"]
[EventRounds "9"]
[EventCountry "BRA"]
[SourceTitle "CBM 194 Extra"]
[Source "ChessBase"]
[SourceDate "2020.03.31"]
[SourceVersion "1"]
[SourceVersionDate "2020.03.31"]
[SourceQuality "1"]

1. e4 d5 2. exd5 Qxd5 3. Nc3 Qd8 4. d4 Bf5 5. Bd3 Bxd3 6. Qxd3 e6 7. Nf3 Bb4 8. a3 Ba5 9. b4 Bb6 10. 0-0 Nf6 11. Bg5 h6 12. Bh4 0-0 13. Rfe1 Nc6 14. Bxf6 Qxf6 15. d5 exd5 16. Nxd5 Qg6 17. Qxg6 fxg6 18. b5 Na5 19. Ne7+ Kh7 20. Ne5 Bd4 21. Rad1 Bc3 22. Re2 a6 23. N7xg6 Rfe8 24. f4 axb5 25. Rd7 Rad8 26. Rxd8 Rxd8 27. Ne7 b4 28. axb4 Bxb4 29. Re4 Bxe7 30. Nf7 Re8 31. g4 Bc5+ 0-1

[Event "Sao Paulo Hebraica op 27th"]
[Site "Sao Paulo"]
[Date "2020.01.10"]
[Round "2"]
[White "Costa, Iaggo Bernini"]
[Black "Takano Ito, Raphael Kenzo"]
[Result "1-0"]
[WhiteElo "1576"]
[BlackElo "1160"]
[PlyCount "55"]
[EventDate "2020.01.10"]
[EventType "swiss"]
[EventRounds "6"]
[EventCountry "BRA"]
[SourceTitle "CBM 194 Extra"]
[Source "ChessBase"]
[SourceDate "2020.03.31"]
[SourceVersion "1"]
[SourceVersionDate "2020.03.31"]
[SourceQuality "1"]

1. e4 c6 2. Nf3 d5 3. Nc3 dxe4 4. Nxe4 Nf6 5. Nxf6+ gxf6 6. d4 Bg4 7. Be2 Qc7 8. Be3 e6 9. Qd2 Bd6 10. h3 Bh5 11. 0-0-0 Nd7 12. g4 Bg6 13. Nh4 0-0-0 14. Nxg6 hxg6 15. d5 exd5 16. Bxa7 b6 17. Ba6+ Qb7 18. Bxb7+ Kxb7 19. Bxb6 Kxb6 20. Kb1 Kc7 21. c4 dxc4 22. Qxd6+ Kc8 23. Qxc6+ Kb8 24. Rxd7 Rxd7 25. Qxd7 Rc8 26. Re1 f5 27. Re7 Ka8 28. Qxc8# 1-0